| 000 | 00724nam a22002297a 4500 | ||
|---|---|---|---|
| 999 |
_c14606 _d14606 |
||
| 003 | AR-CdUCM | ||
| 008 | 190424b ||||| |||| 00| 0 spa d | ||
| 020 | _a978-607-735-577-9 | ||
| 040 |
_aMUNICIPALIDAD PROVINCIAL DEL CUSCO _cBIBLIOTECA MUNICIPAL DEL CUSCO |
||
| 041 | _heng | ||
| 082 |
_aPI / 376.1 / _bT48 |
||
| 100 |
_aThomas, Valerie _933452 |
||
| 245 | _aEl libro de los contrarios de Wilbur / | ||
| 260 |
_aMéxico : _bOcéano Travesía, _c2015. |
||
| 300 |
_bilustraciones, _c15 cm. |
||
| 650 |
_aLiteratura infantil _9588 |
||
| 650 |
_aAprendizaje infantil _933271 |
||
| 650 |
_aPrimera infancia _924660 |
||
| 700 |
_aKorky, Paúl (ilustraciones) _933453 |
||
| 942 |
_2ddc _cLIBROS |
||
| 945 |
_aachl _d2019-04-24 |
||